О теоретических и социальных предпосылках формирования социологической концепции науки К. Маркса и Ф. Энгельса; Философские вопросы развития науки и техники

Chi tiết về thư mục
Parent link:Философские вопросы развития науки и техники.— 1982.— С. 13-39
Tác giả chính: Корниенко А. А. Алла Александровна
Ngôn ngữ:Tiếng Nga
Được phát hành: 1982
Những chủ đề:
Định dạng: Chương của sách
KOHA link:https://koha.lib.tpu.ru/cgi-bin/koha/opac-detail.pl?biblionumber=190433

MARC

LEADER 00000naa2a2200000 4500
001 190433
005 20240213114212.0
035 |a (RuTPU)RU\TPU\book\207487 
090 |a 190433 
100 |a 20110121d1982 k y0rusy50 ca 
101 0 |a rus 
102 |a RU 
200 1 |a О теоретических и социальных предпосылках формирования социологической концепции науки К. Маркса и Ф. Энгельса  |f А. А. Корниенко 
463 0 |0 (RuTPU)RU\TPU\book\26140  |t Философские вопросы развития науки и техники  |o методологические проблемы науковедения и техниковедения  |f Томский государственный университет; под ред. В. А. Дмитриенко  |v С. 13-39  |d 1982  |p 187 с. 
610 1 |a труды учёных ТПУ 
700 1 |a Корниенко  |b А. А.  |c российский философ  |c профессор Томского политехнического университета  |c заведующая кафедрой философии  |f 1941-  |g Алла Александровна  |3 (RuTPU)RU\TPU\pers\21967  |9 9286 
801 1 |a RU  |b 63413507  |c 20110121 
801 2 |a RU  |b 63413507  |c 20110128  |g RCR 
942 |c BK